Normal view
MARC view
- ذاكرة الشعوب 10
Entry Topical Term
001 - CONTROL NUMBER
- control field: 35588
003 - CONTROL NUMBER IDENTIFIER
- control field: JO-AjAnu
005 - DATE AND TIME OF LATEST TRANSACTION
- control field: 20230606075941.0
008 - FIXED-LENGTH DATA ELEMENTS
- fixed length control field: 230606|| aca||aabn | a|a d
040 ## - CATALOGING SOURCE
- Original cataloging agency: JO-AjAnu
- Transcribing agency: JO-AjAnu
150 ## - HEADING--TOPICAL TERM
- Topical term or geographic name entry element: ذاكرة الشعوب 10
670 ## - SOURCE DATA FOUND
- Source citation: Work cat.: (JO-AjAnu)18275: تأليف أوكارا، غابرييل ؛ ترجمة نزار مروة, author 35587, الصوت